Địa chất thuỷ văn ứng dụng

Nội dung giới thiệu các khái niêm về địa chất thuỷ văn, bốc hơi và mưa, các tính chất của tầng chứa nước, các nguyên lý của dòng nước ngầm, độ ẩm đất và sự bổ sung nước ngầm, dòng nước ngầm tưới giếng......

詳細記述

保存先:
書誌詳細
第一著者: Fetter, C. W.
フォーマット: 図書
言語:Undetermined
出版事項: Hà Nội Giáo dục 2000
主題:
タグ: タグ追加
タグなし, このレコードへの初めてのタグを付けませんか!
Thư viện lưu trữ: Trung tâm Học liệu Trường Đại học Cần Thơ
LEADER 00927nam a2200205Ia 4500
001 CTU_148443
008 210402s9999 xx 000 0 und d
020 |c 32400 
082 |a 551 
082 |b F421/T1 
100 |a Fetter, C. W. 
245 0 |a Địa chất thuỷ văn ứng dụng 
245 0 |c C. W. Fetter ; Phạm Thanh Huyền, Nguyễn Uyên ( dịch ) 
260 |a Hà Nội 
260 |b Giáo dục 
260 |c 2000 
520 |a Nội dung giới thiệu các khái niêm về địa chất thuỷ văn, bốc hơi và mưa, các tính chất của tầng chứa nước, các nguyên lý của dòng nước ngầm, độ ẩm đất và sự bổ sung nước ngầm, dòng nước ngầm tưới giếng... 
650 |a Hydrology,Meteorology 
904 |i Qhieu 
980 |a Trung tâm Học liệu Trường Đại học Cần Thơ